Top 10 Highest Grossing Films of 1963 - Statistics

General Stats
  • This quiz has been taken 14 times
  • The average score is 2 of 10
Answer Stats
# Film $ Grossed % Correct
10 The Birds $11.40M
69%
5 From Russia with Love $24.80M
62%
1 Cleopatra $57.78M
54%
3 Tom Jones $36.70M
23%
9 Bye Bye Birdie $13.13M
8%
4 Irma la Douce $25.25M
8%
2 It's a Mad Mad Mad Mad World $46.30M
8%
8 Charade $13.47M
0%
7 Son of Flubber $22.13M
0%
6 The Sword in the Stone $22.18M
0%
No matching quizzes found
Score Distribution
Percent of People with Each Score
Percentile by Number Answered
Your Score History
You have not taken this quiz